| 000 | 00619nam a2200193Ia 4500 | ||
|---|---|---|---|
| 003 | GCL | ||
| 008 | 140319s9999 xx 000 0 ara d | ||
| 040 |
_aGCL / _cGCL |
||
| 082 | 0 | 4 |
_a658.913321 _bم ا |
| 100 | 1 | _aمحمد سويلم | |
| 245 | 1 | 0 |
_aادارة المصارف التقليدية والمصارف الاسلامية : مدخل مقارن / _cمحمد سويلم |
| 260 |
_a[S.N] : _bدار الطباعة الحديثة ، _c1987 |
||
| 300 | _a629 ص | ||
| 490 | _a | ||
| 650 | 0 | 4 | _aتنظيم وادارة |
| 650 | 0 | 4 | _aالبنوك الاسلامية |
| 650 | 0 | 4 | _aالبنوك |
| 942 |
_2ddc _cBK |
||
| 999 |
_c53947 _d53947 |
||